Recomendaciones para el diseño de planta externa en redes de banda ancha

Αποθηκεύτηκε σε:
Λεπτομέρειες βιβλιογραφικής εγγραφής
Κύριος συγγραφέας: Gamboa Barquero, Eddy
Μορφή: Βιβλίο
Έκδοση: San José, C.R. 2001
Θέματα:
Ετικέτες: Προσθήκη ετικέτας
Δεν υπάρχουν, Καταχωρήστε ετικέτα πρώτοι!

MARC

LEADER 00000nam a2200000Ia 4500
003 008930
005 20221231144155.0
008 140114s2001 cr a m 000 ||s d
040 |c cru CEDI 
090 |a TFG 4492 
100 |a Gamboa Barquero, Eddy  |9 7394 
245 |a Recomendaciones para el diseño de planta externa en redes de banda ancha  
260 |c 2001  |a San José, C.R. 
300 |a  xiv, 84 hojas : ilustraciones a color  
500 |a  Tesis (posgrado en ingeniería eléctrica con énfasis en comunicaciones digitales)--Universidad de Costa Rica. Sistema de Estudios de Posgrado 
650 |x REDES DE TELECOMUNICACIONES   |x REDES DE BANDA ANCHA  |9 2269 
942 |c TFG 
999 |c 17949  |d 17949